LEADER 01267nam a2200289 i 4500 001 000000041499 003 CaOOAMICUS 005 20091124000000.0 008 091124s1992 xxu u000 u eng u 013 $a12669 020 $a0-85244-223-8 020 $a0-8028-0252-4 040 $aSeMil$bita 100 1 $aDavies, Horton.$0(OLS)http://semarc/name/20420 245 10$aBread of life and cup of joy :$bnewer ecumenical perspectives on the eucharist /$cHorton Davies. 260 $aLeominster :$bGracewing,$c1992. 260 $aGrand Rapids (Michigan) :$bEerdmans,$c1992. 300 $ax, 274 p. ;$c22 cm. 650 4$aEucaristia - Teologia sistematica.$0(OLS)http://semarc/subject/5569 850 $aSeMil 852 $aSeMil$W1$xVenegono$y1$m2B VI 155$j7654$B7654$CSeMilBibl$Z2$F7654 $81 961 $aAcquisto: Casa editrice 996 $6020$a0-85244-223-8$9(OLS)http://semarc/number/12307 996 $6020$a0-8028-0252-4$9(OLS)http://semarc/number/12308 996 $6245$aBread of life and cup of joy :$bnewer ecumenical perspectives on the eucharist$9(OLS)http://semarc/title/60149 996 $6260$aGrand Rapids (Michigan) :$bEerdmans$9(OLS)http://semarc/publisher/32385 996 $6260$aLeominster :$bGracewing$9(OLS)http://semarc/publisher/40217 LEADER 01300nam a2200289 i 4500 001 000000183132 003 CaOOAMICUS 005 20091106000000.0 008 091106s2009 it u000 u ita u 013 $a161094 020 $a978-88-394-0765-8 040 $aSeMil$bita 100 1 $aPaul, André <1933- >.$0(OLS)http://semarc/name/1282 240 13$aLa Bible et l'occident.$0(OLS)http://semarc/title/262840 245 13$aLa Bibbia e l'occidente :$bdalla biblioteca di Alessandria alla cultura europea /$cAndré Paul. 260 $aBrescia :$bPaideia,$c2009. 300 $a387 p. ;$c21 cm. 490 0 $aBiblioteca di cultura religiosa ;$v68 650 4$aBibbia - Canone.$0(OLS)http://semarc/subject/1073 650 4$aBibbia - Storia.$0(OLS)http://semarc/subject/4025 830 0$aBiblioteca di cultura religiosa ;$v68.$0(OLS)http://semarc/title/85 850 $aSeMil 852 $aSeMil$W1$xVenegono$y1$m2L II 218$j133836$B133836$CSeMilBibl$Z2$F145540 $81 961 $aSottoscrizione: Città Nuova (Agente) 996 $6020$a978-88-394-0765-8$9(OLS)http://semarc/number/172831 996 $6245$aLa Bibbia e l'occidente :$bdalla biblioteca di Alessandria alla cultura europea$9(OLS)http://semarc/title/262839 996 $6260$aBrescia :$bPaideia$9(OLS)http://semarc/publisher/29614